Quiz sur la Côte d'Ivoire - Statistiques

Statistiques générales
  • Ce quiz a été pris 202 fois
    201 depuis la dernière actualisation
  • Le résultat moyen est 15 sur 19
Statistiques - réponses
Question Réponse % Correct
Capitale économique et plus grande ville Abidjan
99%
Langue officielle Français
98%
Pays frontaliers Mali
98%
Capitale Yamoussoukro
97%
Pays frontaliers Burkina Faso
92%
L'animal national Éléphant
92%
Pays frontaliers Ghana
92%
La Côte d'Ivoire est le premier producteur mondial de ces graines/fèves Cacao
89%
Légende du football ayant principalement évolué à Chelsea Didier Drogba
88%
Nombre de Coupe d'Afrique des nations remportées 3
87%
Pays frontaliers Guinée
86%
Pays frontaliers Libéria
86%
Devise monétaire actuelle Franc CFA
84%
Année de la prise d'indépendance 1960
76%
Chanson qui s'est faite connaître lors de la CAN 2024 Coup du marteau
76%
Groupe ethnique auquel 47,5% de la population appartient Akan
43%
Président actuel Alassane Dramane Ouattara (ADO)
41%
Les Ivoiriens sont connus pour Leur hospitalité
32%
Les Ivoiriens sont connus pour Leur humour
13%
Aucun quiz correspondant
Distribution des résultats
% des personnes avec chaque résultat
Percentile par nombre de réponses
Votre historique - résultats
Vous n’avez pas pris ce quiz depuis la dernière actualisation